000 00906cam a22003017a 4500
003 CHAP
005 20220329133248.0
008 971013s1989 r 00010 d
010 _a4074
011 _a5046
035 _a4252
040 _cCHAP
090 _aFolleto 13384
100 0 0 _aRivas, Mercedes.
_997590
245 0 _aEstudio de progenies de 4 clones sexuales de Paspalum dilatalum
260 _aMontevideo :
_bUniversidad de la República. Fac. de Agronomía,
_c1989
300 _a16 p
490 0 _aResumen tesis
_v; 4
590 _aBATCH-UPD
_b10
_c20130110
_lUCH01
_h0134
590 _aBATCH-UPD
_b10
_c20130110
_lUCH01
_h1518
590 _aCONVERSION
_b10
_c20130109
_lUCH01
_h1303
650 1 4 _aClones.
_923894
650 1 4 _aPaspalum dilatatum.
_985869
830 0 _aResumen tesis
_v; 4
_996179
901 _aBK
942 _cFOLL
949 _aFolleto 13384
_bBC
_cFOLL
_d-13786
_eTS1
_i4252
_si
999 _c4074
_d4074